Cotton breeding (Record no. 17333)

000 -LEADER
fixed length control field 00735cam a2200277 i 4500
001 - CONTROL NUMBER
control field 1288107
003 - CONTROL NUMBER IDENTIFIER
control field OSt
005 - DATE AND TIME OF LATEST TRANSACTION
control field 20170105103508.0
008 - FIXED-LENGTH DATA ELEMENTS--GENERAL INFORMATION
fixed length control field 750924s1973 xx b 000 0 eng
010 ## - LIBRARY OF CONGRESS CONTROL NUMBER
LC control number 75983564
040 ## - CATALOGING SOURCE
Original cataloging agency DLC
Transcribing agency ASAB
Modifying agency DLC
043 ## - GEOGRAPHIC AREA CODE
Geographic area code f-mw---
050 00 - LIBRARY OF CONGRESS CALL NUMBER
Classification number SB251.M34
Item number C46
082 00 - DEWEY DECIMAL CLASSIFICATION NUMBER
Classification number 630.7
100 1# - MAIN ENTRY--PERSONAL NAME
Personal name Phundan Singh
9 (RLIN) 1156
245 10 - TITLE STATEMENT
Title Cotton breeding
Statement of responsibility, etc. Phundan Singh
260 ## - PUBLICATION, DISTRIBUTION, ETC.
Place of publication, distribution, etc. [s.l. :
Name of publisher, distributor, etc. s.n.],
Date of publication, distribution, etc. 1973.
300 ## - PHYSICAL DESCRIPTION
Extent 342p ;
Dimensions 33 cm.
500 ## - GENERAL NOTE
General note Cover title.
504 ## - BIBLIOGRAPHY, ETC. NOTE
Bibliography, etc. note Bibliography: leaf 40.
650 #0 - SUBJECT ADDED ENTRY--TOPICAL TERM
Topical term or geographic name entry element Cotton growing
Geographic subdivision Malawi.
9 (RLIN) 1157
650 #0 - SUBJECT ADDED ENTRY--TOPICAL TERM
Topical term or geographic name entry element Cotton
General subdivision Breeding.
9 (RLIN) 1158
650 #0 - SUBJECT ADDED ENTRY--TOPICAL TERM
Topical term or geographic name entry element Cotton
General subdivision Varieties.
9 (RLIN) 1159
906 ## - LOCAL DATA ELEMENT F, LDF (RLIN)
a 7
b cbc
c orignew
d 4
e ncip
f 19
g y-gencatlg
942 ## - ADDED ENTRY ELEMENTS (KOHA)
Source of classification or shelving scheme
Koha item type Book
Holdings
Withdrawn status Lost status Source of classification or shelving scheme Damaged status Not for loan Collection code Permanent Location Current Location Date acquired Total Checkouts Full call number Barcode Date last seen Price effective from Koha item type
            Central Library (CL) Central Library (CL) 09/14/2015   630.7 SIN ASAB2149 03/21/2017 09/14/2015 Book
© 2023 Central Library, National University of Sciences and Technology. All Rights Reserved.